| 000 | 01435cam a2200421 a 4500 | ||
|---|---|---|---|
| 001 | 6923 | ||
| 003 | FISKH | ||
| 005 | 20250610081150.0 | ||
| 008 | 051208s2006 maua b 000 1 eng | ||
| 010 | _a 2005035814 | ||
| 020 | _a1570914672 (reinforced for library use) | ||
| 020 | _a9781570914676 (reinforced for library use) | ||
| 020 | _a1570914680 (pbk.) | ||
| 020 | _a9781570914683 (pbk.) | ||
| 040 |
_aDLC _cDLC _dDLC _beng |
||
| 050 | _aPZ7.T4559 G | ||
| 082 | _a565 | ||
| 100 | 1 | _aTildes, Phyllis Limbacher. | |
| 245 | 1 | 4 |
_aThe garden wall / _cPhyllis Limbacher Tildes. |
| 260 |
_aWatertown : _bCharlesbridge, _c2006. |
||
| 300 |
_a30 unnumbered pages : _bcolor illstrations ; _c22 x 28 cm |
||
| 505 | _aN | ||
| 520 | _aAlready unhappy that his family has moved from the country to the city, Tim is not pleased when his new neighbor turns out to be not only a girl, but also deaf. | ||
| 521 | 8 |
_a530
_bLexile estimate |
|
| 521 | 8 |
_aN
_bRaz-Plus |
|
| 650 | 0 |
_aDeaf _vFiction. |
|
| 650 | 0 |
_aFriendship _vFiction. |
|
| 650 | 0 |
_aMoving, Household _vFiction. |
|
| 650 | 1 |
_aDeaf people _vFiction. |
|
| 650 | 1 |
_aFriendship _vFiction. |
|
| 650 | 1 |
_aMoving (Households) _vFiction. |
|
| 650 | 1 |
_aCity and town life _vFiction. |
|
| 650 | 1 |
_aPeople with disabilities _vFiction. |
|
| 650 | 1 |
_aSchools _vFiction. |
|
| 906 |
_a7 _bcbc _corignew _d1 _eecip _f20 _gy-gencatlg |
||
| 942 |
_2ddc _cBK _n0 |
||
| 999 |
_c6923 _d6923 |
||